00507nam a2200169 a 450000100100000000500170001000800410002702000180006804000250008608200170011110000180012824500900014626000380023630000210027449000210029583000210031600004068920201002034315.0130905s2004 sp 000 0 spa d a9788466313445 aDO-SdBNPbspacBNPHU axxxxxbxxxxx1 aPorta, Esther10a¿Hay sexo después del matrimonio? :ben busca del orgasmo perdido /cEsther Porta. aMadrid, :bSuma de letras,c2004. a239 p. ;c18 cm.1 aPunto de lectura 0aPunto de lectura